|
|
|
|
| LEADER |
00748 a2200181 4500 |
| 999 |
|
|
|c 120532
|d 120532
|
| 020 |
|
|
|a 9789350719473
|
| 082 |
|
|
|a 336.24
|b Q6
|
| 100 |
|
|
|a Vinod K Singhania
|9 52491
|
| 245 |
|
|
|a Students' guide to income tax including service tax/VAT/excise duty/customs duty/CST/
|c Vinod K Singhania and Monica Singhania.
|
| 250 |
|
|
|a 55th ed.
|
| 260 |
|
|
|a New Delhi:
|b Taxmann Publications Pvt. Ltd.,
|c 2016.
|
| 300 |
|
|
|a 966p.
|
| 650 |
|
|
|a Taxation.
|9 52492
|
| 650 |
|
|
|a Income tax.
|9 43551
|
| 700 |
|
|
|a Monica Singhania.
|9 52493
|
| 942 |
|
|
|c BK
|
| 952 |
|
|
|0 0
|1 0
|4 0
|6 336_240000000000000_Q6
|7 0
|9 117281
|a MGUL
|b MGUL
|c GEN
|d 2016-10-31
|e Calicut Book Distributors Bill No.010693 dated :05.10.2016
|g 925.00
|l 7
|m 3
|o 336.24 Q6
|p 56438
|r 2019-12-18
|s 2019-12-18
|y BK
|